|
|
|
|
| LEADER |
00752nnm a2200217 i 4500 |
| 001 |
eta338 |
| 005 |
20181123114643.0 |
| 008 |
180516s2011 hu o 0|| hun d |
| 020 |
|
|
|a 978-963-279-517-1
|
| 040 |
|
|
|a SZTE Elektronikus Tananyag Archívum
|b hun
|
| 041 |
|
|
|a hun
|
| 100 |
2 |
|
|a Mihálykóné Orbán Éva
|
| 245 |
1 |
0 |
|a Valószínűségszámítási példatár informatikusoknak
|h [elektronikus dokumentum] :
|b egyetemi tananyag /
|c Mihálykóné Orbán Éva
|
| 260 |
|
|
|a Typotex
|b Budapest
|c 2011
|
| 300 |
|
|
|a 120
|
| 516 |
|
|
|a Book
|
| 650 |
|
4 |
|a Természettudományok
|
| 650 |
|
4 |
|a Matematika
|
| 650 |
|
4 |
|a Statisztika és valószínűség
|
| 650 |
|
4 |
|a Valószínűség
|
| 856 |
4 |
0 |
|u https://eta.bibl.u-szeged.hu/338/1/valszam_ptar.pdf
|z Dokumentum-elérés
|